Bài giảng Latinh

Salvato in:
Dettagli Bibliografici
Autore principale: Bộ môn thực vật trường Đại học Dược khoa Hà Nội
Natura: Libro
Lingua:Undetermined
Pubblicazione: Hà Nội Y học 1981
Soggetti:
Tags: Aggiungi Tag
Nessun Tag, puoi essere il primo ad aggiungerne! !
Thư viện lưu trữ: Trung tâm Học liệu Trường Đại học Cần Thơ
LEADER 00590nam a2200169Ia 4500
001 CTU_550
008 210402s9999 xx 000 0 und d
082 |a 580.3 
082 |b B103 
100 |a Bộ môn thực vật trường Đại học Dược khoa Hà Nội 
245 0 |a Bài giảng Latinh 
245 0 |c Bộ môn thực vật trường Đại học Dược khoa Hà Nội 
260 |a Hà Nội 
260 |b Y học 
260 |c 1981 
650 |a latin language - study and teaching 
980 |a Trung tâm Học liệu Trường Đại học Cần Thơ